[Event "Schachfestival Senioren"]
[Site "Bad Woerishofen"]
[Date "2023.03.05"]
[Round "3.39"]
[White "Eigenmann, Christina"]
[Black "Emser, Heinrich"]
[Result "1/2-1/2"]
[WhiteElo "1664"]
[BlackElo "1822"]
[PlyCount "77"]
[EventDate "2023.??.??"]
[WhiteTeam "Schweizer Schachsenioren"]
[BlackTeam "Vereinslos"]

1. d4 d5 2. c4 c6 3. cxd5 cxd5 4. Nf3 Nc6 5. e3 a6 6. Bd3 Nf6 7. O-O g6 8. Nc3 Bg7 9. b3 O-O 10. Ba3 Re8 11. Rc1 b5 12. Bc5 Bb7 13. b4 Nd7 14. a3 Nxc5 15. bxc5 Rc8 16. Qb3 Na5 17. Qb4 Nc4 18. a4 Bc6 19. axb5 axb5 20. Ra1 Rb8 21. Ra2 Qc7 22. Rfa1 e5 23. dxe5 Nxe5 24. Nxe5 Bxe5 25. h3 Rb7 26. Rb1 Reb8 27. Ne2 Ra7 28. Rxa7 Qxa7 29. Nc1 Qd7 30. Qg4 f5 31. Qb4 d4 32. exd4 Bxd4 33. Bf1 Kg7 34. Nb3 Be5 35. Qd2 Qc7 36. Nd4 Qd7 37. Rd1 Rb7 38. Nxc6 Qxc6 39. Qd5 1/2-1/2

[Event "Schachfestival Senioren"]
[Site "Bad Woerishofen"]
[Date "2023.03.05"]
[Round "3.40"]
[White "Mahrla, Hans"]
[Black "Di Lazzaro, Gabriele"]
[Result "0-1"]
[WhiteElo "1654"]
[BlackElo "1810"]
[PlyCount "74"]
[EventDate "2023.??.??"]
[WhiteTeam "SC Eichenau"]

1. e4 c5 2. f4 Nc6 3. c3 Nf6 4. d3 e6 5. Nf3 d5 6. e5 Nd7 7. Be2 Be7 8. O-O O-O 9. Qc2 f6 10. d4 cxd4 11. Nxd4 Nxd4 12. cxd4 Nb6 13. Bd2 Bd7 14. Ba5 Qc8 15. Nc3 Nc4 16. Bxc4 Qxc4 17. Qd2 b6 18. b3 Qc6 19. Rfc1 Qb7 20. Na4 Bxa4 21. bxa4 bxa5 22. Qxa5 Rfc8 23. Rcb1 Qc7 24. Qd2 Rab8 25. Rc1 Qd7 26. Rxc8+ Rxc8 27. Qd1 Rc4 28. Rb1 Qc7 29. g3 Rxd4 30. Qg4 f5 31. Qe2 Rc4 32. Qh5 Rc1+ 33. Rxc1 Qxc1+ 34. Kg2 Qc2+ 35. Kh3 g6 36. Qh6 Qe2 37. g4 Qxg4# 0-1

[Event "Schachfestival Senioren"]
[Site "Bad Woerishofen"]
[Date "2023.03.05"]
[Round "3.41"]
[White "Schmitt, Karl"]
[Black "Collins, Alan"]
[Result "1/2-1/2"]
[WhiteElo "1808"]
[BlackElo "1608"]
[PlyCount "74"]
[EventDate "2023.??.??"]
[WhiteTeam "Bergische SF 1923 Bergisch Gladbach e. V."]
[BlackTeam "Cowley"]

1. d4 d6 2. e4 Nf6 3. Nc3 c6 4. h3 e6 5. Be3 Be7 6. Bd3 b5 7. a3 a6 8. Nf3 Bb7 9. e5 Nd5 10. Nxd5 cxd5 11. O-O dxe5 12. Nxe5 Nd7 13. Nxd7 Qxd7 14. Qg4 Bf6 15. c3 e5 16. Qxd7+ Kxd7 17. dxe5 Bxe5 18. Bd4 Bxd4 19. cxd4 g6 20. b4 Rac8 21. Rfc1 Rxc1+ 22. Rxc1 Re8 23. Kf1 Kd6 24. Rc2 Rc8 25. Rxc8 Bxc8 26. f4 f5 27. Kf2 Ke6 28. Bc2 Bd7 29. Bb3 Bc6 30. Bd1 h6 31. Bc2 Kf6 32. Ke3 h5 33. g3 Bd7 34. Kd2 Bc6 35. Kc3 g5 36. h4 g4 37. Bb3 Ke6 1/2-1/2

[Event "Schachfestival Senioren"]
[Site "Bad Woerishofen"]
[Date "2023.03.05"]
[Round "3.42"]
[White "Babar, Michael"]
[Black "Mayer, Dietmar"]
[Result "1-0"]
[WhiteElo "2143"]
[BlackElo "1705"]
[PlyCount "75"]
[EventDate "2023.??.??"]
[WhiteTeam "SC Hansa Dortmund e. V."]

1. d4 Nf6 2. Nc3 d5 3. Bf4 e6 4. e3 Bb4 5. a3 Bxc3+ 6. bxc3 O-O 7. f3 c5 8. g4 Qa5 9. Qd2 cxd4 10. cxd4 Qxd2+ 11. Kxd2 a6 12. h4 Nc6 13. h5 Nd7 14. h6 g6 15. Bd6 Re8 16. Ne2 e5 17. dxe5 Ndxe5 18. Bxe5 Nxe5 19. Nd4 Nc4+ 20. Bxc4 dxc4 21. Rhb1 c3+ 22. Kd3 Rb8 23. Rb6 Be6 24. Kxc3 Rbc8+ 25. Kd2 Bd5 26. e4 Bc6 27. Nxc6 Rxc6 28. Rxc6 bxc6 29. Rb1 f5 30. exf5 gxf5 31. Rb7 fxg4 32. Rg7+ Kh8 33. fxg4 Rg8 34. Rc7 Rxg4 35. Rxc6 Kg8 36. Rxa6 Kf7 37. Ra7+ Kg6 38. Rg7+ 1-0

[Event "Schachfestival Senioren"]
[Site "Bad Woerishofen"]
[Date "2023.03.05"]
[Round "3.43"]
[White "Bohlin, Jan"]
[Black "Schnell, Franz"]
[Result "1/2-1/2"]
[WhiteElo "1814"]
[BlackElo "1701"]
[PlyCount "20"]
[EventDate "2023.??.??"]
[WhiteTeam "Majornas SS"]
[BlackTeam "SV Nusplingen"]

1. d4 d5 2. c4 c6 3. Nc3 Nf6 4. e3 e6 5. Nf3 Nbd7 6. Be2 Bd6 7. O-O O-O 8. Qc2 c5 9. Rd1 a6 10. cxd5 exd5 1/2-1/2

[Event "Schachfestival Senioren"]
[Site "Bad Woerishofen"]
[Date "2023.03.05"]
[Round "3.44"]
[White "Wacker, Manfred"]
[Black "Eschle, Hubert"]
[Result "0-1"]
[WhiteElo "1718"]
[BlackElo "1776"]
[PlyCount "50"]
[EventDate "2023.??.??"]
[WhiteTeam "SC 1997 Lambsheim"]
[BlackTeam "SC Villingen-Schwenningen"]

1. d4 Nf6 2. c4 c5 3. d5 e5 4. Nc3 d6 5. e4 g6 6. Bd3 Bg7 7. Nge2 O-O 8. O-O Ne8 9. f4 exf4 10. Bxf4 Nd7 11. b3 Ne5 12. Rc1 Nxd3 13. Qxd3 a6 14. a4 Nf6 15. Ng3 Ng4 16. Qd2 Bd4+ 17. Kh1 Nxh2 18. Bg5 Nxf1 19. Rxf1 f6 20. Bh6 Rf7 21. Nce2 Be5 22. Nf4 Qe7 23. Nge2 Bg4 24. g3 Qd7 25. Kh2 Re8 0-1

[Event "Schachfestival Senioren"]
[Site "Bad Woerishofen"]
[Date "2023.03.05"]
[Round "3.45"]
[White "Kleinhenz, Hans-Georg"]
[Black "Goris-Schouwstra, Adry"]
[Result "1/2-1/2"]
[WhiteElo "1796"]
[BlackElo "1659"]
[PlyCount "52"]
[EventDate "2023.??.??"]
[WhiteTeam "Stolberger SV 1927"]

1. d4 d5 2. Nf3 Nf6 3. g3 g6 4. Bg2 Bg7 5. O-O O-O 6. b3 Nbd7 7. Bb2 c6 8. c4 dxc4 9. bxc4 Qa5 10. Nc3 Re8 11. e4 Nf8 12. h3 h6 13. Qe2 N6h7 14. Rfd1 Ng5 15. Kh2 Nxf3+ 16. Bxf3 Ne6 17. e5 f6 18. d5 Ng5 19. dxc6 Nxf3+ 20. Qxf3 Qb6 21. Qd5+ e6 22. Qb5 Qxf2+ 23. Kh1 Qf3+ 24. Kh2 Qf2+ 25. Kh1 Qf3+ 26. Kh2 Qf2+ 1/2-1/2

[Event "Schachfestival Senioren"]
[Site "Bad Woerishofen"]
[Date "2023.03.05"]
[Round "3.46"]
[White "Vaclahovsky, Gerhard"]
[Black "Speicher, Franz"]
[Result "0-1"]
[WhiteElo "1648"]
[BlackElo "1790"]
[PlyCount "78"]
[EventDate "2023.??.??"]
[WhiteTeam "SK Keres-Augsburg 1980"]
[BlackTeam "Dicker Turm Esslingen"]

1. e4 d5 2. exd5 Nf6 3. d4 Nxd5 4. c4 Nb6 5. Nf3 g6 6. Be2 Bg7 7. O-O O-O 8. Nc3 Bg4 9. Be3 Nc6 10. c5 Nd5 11. h3 Be6 12. Nxd5 Bxd5 13. Qd2 e5 14. dxe5 Nxe5 15. Nxe5 Bxe5 16. Rfd1 c6 17. Bd4 Re8 18. Bxe5 Rxe5 19. Bf3 Qe7 20. Re1 Bxf3 21. Rxe5 Qxe5 22. gxf3 Qxc5 23. Re1 Qd5 24. Qxd5 cxd5 25. Rd1 Rd8 26. Kf1 Kg7 27. Ke2 Kf6 28. Ke3 h5 29. f4 Kf5 30. Rd4 Rd6 31. Kd2 Ke6 32. Kd3 Rc6 33. Kd2 Rc4 34. Kd3 Rxd4+ 35. Kxd4 Kf5 36. Kxd5 Kxf4 37. Kd6 g5 38. a4 h4 39. Kc7 g4 0-1

[Event "Schachfestival Senioren"]
[Site "Bad Woerishofen"]
[Date "2023.03.05"]
[Round "3.47"]
[White "Mitterholzer, Helmuth"]
[Black "Kundt, Guenther"]
[Result "0-1"]
[WhiteElo "1445"]
[BlackElo "1776"]
[PlyCount "74"]
[EventDate "2023.??.??"]
[WhiteTeam "Verbund"]
[BlackTeam "SSC Graal-MÃ¼ritz"]

1. e4 d5 2. exd5 Nf6 3. c4 c6 4. dxc6 Nxc6 5. Nf3 e5 6. d3 e4 7. Ng5 Bf5 8. d4 Qxd4 9. Be2 h6 10. Nxf7 Qxd1+ 11. Bxd1 Kxf7 12. O-O Be7 13. Be3 Rhd8 14. Nc3 Ne5 15. b3 Nd3 16. h3 Bc5 17. Bxc5 Nxc5 18. Be2 Rd2 19. Rfd1 Rad8 20. Rxd2 Rxd2 21. Rd1 Rxd1+ 22. Bxd1 a6 23. b4 Nd3 24. a3 Be6 25. c5 Bc4 26. g3 Ke6 27. Ne2 Ke5 28. Kg2 Nb2 29. Nc3 Nxd1 30. Nxd1 Nd5 31. Ne3 Nxe3+ 32. fxe3 Bb5 33. g4 Kd5 34. Kg3 g5 35. h4 Kc4 36. hxg5 hxg5 37. Kf2 Kd3 0-1

[Event "Schachfestival Senioren"]
[Site "Bad Woerishofen"]
[Date "2023.03.05"]
[Round "3.48"]
[White "Klimpel, Siegfried"]
[Black "Mueggenburg, Rolf"]
[Result "1/2-1/2"]
[WhiteElo "1768"]
[BlackElo "1643"]
[PlyCount "83"]
[EventDate "2023.??.??"]
[WhiteTeam "TSV Kareth-Lappersdorf"]
[BlackTeam "SSC Graal-Mueritz"]

1. e4 e5 2. Nf3 d6 3. d4 Qe7 4. Nc3 c6 5. dxe5 dxe5 6. Bc4 f6 7. Be3 Be6 8. Bb3 Nd7 9. Qe2 Bxb3 10. axb3 a6 11. O-O Qe6 12. Nh4 g6 13. f4 Bc5 14. Bxc5 Nxc5 15. f5 Qf7 16. b4 Nd7 17. b5 g5 18. Nf3 a5 19. b4 Qe7 20. Qc4 Nb6 21. Qb3 Qxb4 22. Qxb4 axb4 23. Rxa8+ Nxa8 24. bxc6 bxc6 25. Na4 Ne7 26. Nc5 Kf7 27. Rb1 Rb8 28. Na6 Rb6 29. Nc5 Rb5 30. Ne6 c5 31. Rd1 Rb8 32. Nd2 Nc6 33. Nc4 Nd4 34. Ra1 Nxe6 35. fxe6+ Kxe6 36. Ra6+ Kf7 37. Ne3 Nb6 38. Ra7+ Kg8 39. Nf5 Rf8 40. Rc7 Na4 41. Kf2 h5 42. Nh6+ 1/2-1/2

[Event "Schachfestival Senioren"]
[Site "Bad Woerishofen"]
[Date "2023.03.05"]
[Round "3.49"]
[White "Sakowski, Christian"]
[Black "Schomann, Michael"]
[Result "1-0"]
[WhiteElo "1761"]
[BlackElo "1630"]
[PlyCount "111"]
[EventDate "2023.??.??"]
[WhiteTeam "SC Muelheim 08/25 e.V."]
[BlackTeam "TSV Kuecknitz v. 1911 e.V."]

1. d4 Nf6 2. Nf3 d5 3. Bf4 Bf5 4. Nbd2 e6 5. e3 Nbd7 6. Bd3 Bxd3 7. cxd3 Be7 8. h3 O-O 9. O-O c5 10. dxc5 Nxc5 11. Nb3 Rc8 12. Nxc5 Rxc5 13. d4 Rc8 14. Qb3 b6 15. Rac1 Qd7 16. Ne5 Qb7 17. f3 Nd7 18. Nd3 Rxc1 19. Rxc1 Rc8 20. Qd1 Nf6 21. Rc2 Qd7 22. Qc1 Rxc2 23. Qxc2 Ne8 24. Ne5 Qb7 25. Qc6 Qxc6 26. Nxc6 Bd6 27. Nxa7 Bxf4 28. exf4 Nd6 29. Kf2 Kf8 30. Nc6 Ke8 31. g4 Kd7 32. Ne5+ Kc7 33. b3 f6 34. Nd3 Kc6 35. Ke3 Kb5 36. a3 h5 37. Nb4 hxg4 38. fxg4 g6 39. h4 f5 40. g5 Nc8 41. Nd3 Ne7 42. Ne5 Ka5 43. Kd3 Kb5 44. Kc3 Ka5 45. b4+ Ka4 46. Kb2 Kb5 47. Kb3 Ka6 48. a4 Kb7 49. b5 Kc7 50. Kb4 Kb7 51. a5 Kc7 52. axb6+ Kxb6 53. Ka4 Kb7 54. Ka5 Kc7 55. Ka6 Kb8 56. Nc6+ 1-0

[Event "Schachfestival Senioren"]
[Site "Bad Woerishofen"]
[Date "2023.03.05"]
[Round "3.51"]
[White "Fuchs, Joachim"]
[Black "Hotz, Herbert"]
[Result "0-1"]
[WhiteElo "1728"]
[BlackElo "1553"]
[PlyCount "92"]
[EventDate "2023.??.??"]
[WhiteTeam "SC Starnberg"]
[BlackTeam "SC 1970 Lorsch"]

1. e4 c6 2. d4 d5 3. e5 Bf5 4. Bd3 Bxd3 5. Qxd3 e6 6. c3 c5 7. Nf3 Nc6 8. O-O cxd4 9. cxd4 Nge7 10. b3 Nc8 11. Nc3 Be7 12. Ne2 Nb6 13. Bb2 Qd7 14. Rfc1 O-O 15. Ng3 Rac8 16. h4 Nb4 17. Qd1 Rxc1 18. Bxc1 Rc8 19. a3 Nc2 20. Ra2 Qc6 21. Ne2 a5 22. g3 a4 23. Qd3 axb3 24. Qxb3 Qc4 25. Qxc4 Rxc4 26. Nd2 Rc7 27. Nb3 Ne1 28. Kf1 Rc2 29. Rxc2 Nxc2 30. Na5 Bxa3 31. Bxa3 Nxa3 32. Nxb7 Nc2 33. Nc5 Kf8 34. Nb3 Nd7 35. Nf4 g6 36. g4 h6 37. Ke2 Nb4 38. Nd3 Nxd3 39. Kxd3 f5 40. f3 fxg4 41. fxg4 Ke7 42. Nc5 Nxc5+ 43. dxc5 Kd7 44. Kc3 Kc7 45. Kb4 Kc6 46. g5 h5 0-1

[Event "Schachfestival Senioren"]
[Site "Bad Woerishofen"]
[Date "2023.03.05"]
[Round "3.52"]
[White "Kumeth, Hartmut"]
[Black "Jovi, Klaus"]
[Result "1-0"]
[WhiteElo "1724"]
[BlackElo "1510"]
[PlyCount "55"]
[EventDate "2023.??.??"]
[WhiteTeam "SK Union Oldenburg"]
[BlackTeam "Ohne Verein"]

1. Nf3 Nf6 2. d4 d5 3. e3 e6 4. c4 c5 5. Nc3 cxd4 6. Qxd4 Nc6 7. Qd1 Be7 8. cxd5 exd5 9. Bb5 O-O 10. O-O Bg4 11. h3 Bh5 12. Be2 h6 13. Qb3 b6 14. Rd1 Qc7 15. Nxd5 Nxd5 16. Rxd5 Bg6 17. Bd2 Rad8 18. Rc1 Rxd5 19. Qxd5 Rc8 20. Nd4 Nb4 21. Rxc7 Nxd5 22. Rxc8+ Kh7 23. Bc4 Nf6 24. Rc7 Bc5 25. Bxf7 Ne4 26. Bxg6+ Kxg6 27. Bc3 Nxc3 28. bxc3 1-0

[Event "Schachfestival Senioren"]
[Site "Bad Woerishofen"]
[Date "2023.03.05"]
[Round "3.53"]
[White "Schilling, Hans"]
[Black "Grandl, Klaus"]
[Result "1-0"]
[WhiteElo "1724"]
[BlackElo "1546"]
[PlyCount "67"]
[EventDate "2023.??.??"]
[WhiteTeam "SF Nordost Berlin"]

1. d4 d5 2. Nf3 Nc6 3. c3 h6 4. Qc2 Nf6 5. Nbd2 e6 6. e4 dxe4 7. Nxe4 Be7 8. Bd3 a6 9. O-O b5 10. a3 Na5 11. Ne5 Nd7 12. Rd1 Nxe5 13. dxe5 Kf8 14. Bxb5 Qxd1+ 15. Qxd1 axb5 16. Be3 Bb7 17. Qc2 Nc4 18. Bc5 Bxc5 19. Nxc5 Bd5 20. b3 Na5 21. a4 bxa4 22. Rxa4 Ke7 23. h3 Rhb8 24. c4 Bc6 25. Ra3 Nb7 26. Rxa8 Rxa8 27. Nxb7 Bxb7 28. Qc3 c5 29. b4 Ra4 30. bxc5 Bc6 31. Qd3 Ke8 32. Qd6 Bd7 33. c6 Bc8 34. Qb8 1-0

[Event "Schachfestival Senioren"]
[Site "Bad Woerishofen"]
[Date "2023.03.05"]
[Round "3.54"]
[White "Hoefer, Frank"]
[Black "Cerpnjak, Mirko"]
[Result "1/2-1/2"]
[WhiteElo "1425"]
[BlackElo "1702"]
[PlyCount "43"]
[EventDate "2023.??.??"]
[WhiteTeam "TSV Forstenried e.V."]
[BlackTeam "SC Groebenzell"]

1. e4 d6 2. Nf3 Nf6 3. Nc3 g6 4. Bc4 Bg7 5. d3 Nc6 6. a3 O-O 7. O-O e5 8. Bg5 h6 9. Be3 Ng4 10. Nd5 Na5 11. Ba2 c6 12. Nc3 Nxe3 13. fxe3 b6 14. h3 Ba6 15. b4 Nb7 16. a4 Qd7 17. b5 cxb5 18. axb5 Bxb5 19. Nh4 Kh7 20. Nxb5 Qxb5 21. Bxf7 g5 22. Bg6+ 1/2-1/2

[Event "Schachfestival Senioren"]
[Site "Bad Woerishofen"]
[Date "2023.03.05"]
[Round "3.55"]
[White "Krotofil, Kurt"]
[Black "Koppenhoefer, Heinz"]
[Result "1-0"]
[WhiteElo "1817"]
[BlackElo "1560"]
[PlyCount "129"]
[EventDate "2023.??.??"]
[WhiteTeam "Niendorfer TSV 1919 SAbt"]
[BlackTeam "TSV Solln Schachabteilung"]

1. d4 d5 2. c4 e6 3. Nc3 Nf6 4. Bg5 Be7 5. e3 O-O 6. Nf3 h6 7. Bh4 c6 8. Bd3 dxc4 9. Bxc4 Nbd7 10. O-O Nd5 11. Bxe7 Qxe7 12. e4 Nxc3 13. bxc3 Nf6 14. Bd3 b6 15. Qd2 Bb7 16. Rfe1 Rfd8 17. e5 Nd7 18. Qf4 c5 19. Nd2 cxd4 20. cxd4 Nc5 21. Bc2 Na6 22. Ne4 Bxe4 23. Qxe4 g6 24. Rad1 Nb4 25. Bb1 Nd5 26. Rc1 Qg5 27. h4 Qh5 28. Bd3 Kg7 29. Ba6 Rab8 30. a4 Qf5 31. Qe2 h5 32. g3 Nb4 33. Bb5 Rxd4 34. Rc3 Rbd8 35. Rf3 Qc2 36. Qe3 Qd2 37. Qxd2 Rxd2 38. Rc1 Rc2 39. Rxc2 Nxc2 40. Rc3 Nb4 41. Rc7 a5 42. Rb7 Nd5 43. Bc6 Kf8 44. Kg2 Kg7 45. Kf3 Kf8 46. Ke4 Nc3+ 47. Ke3 Nd5+ 48. Bxd5 Rxd5 49. f4 Kg7 50. Rxb6 Kf8 51. Rb5 Ke7 52. Rxd5 exd5 53. Kd4 Ke6 54. Kc5 Kf5 55. Kxd5 Kg4 56. Ke4 Kxg3 57. f5 gxf5+ 58. Kxf5 Kxh4 59. Kf6 Kg4 60. Kxf7 h4 61. e6 h3 62. e7 h2 63. e8=Q h1=Q 64. Qe6+ Kh5 65. Qf5+ 1-0

[Event "Schachfestival Senioren"]
[Site "Bad Woerishofen"]
[Date "2023.03.05"]
[Round "3.56"]
[White "Richter, Stefan"]
[Black "Teubner, Wolfgang"]
[Result "1-0"]
[WhiteElo "1589"]
[BlackElo "1817"]
[PlyCount "121"]
[EventDate "2023.??.??"]
[WhiteTeam "Langenberg"]
[BlackTeam "SF Blaustein"]

1. e4 e5 2. Nf3 Nf6 3. d3 Nc6 4. c3 d5 5. Be2 dxe4 6. Ng5 Bf5 7. Qb3 Qd5 8. Qxd5 Nxd5 9. dxe4 Bxe4 10. Nxe4 f5 11. Ng5 h6 12. Bh5+ Ke7 13. Nf3 g5 14. O-O Kf6 15. Re1 Bd6 16. g4 Nce7 17. Nbd2 Nf4 18. Nc4 Nxh5 19. gxh5 f4 20. Nfxe5 Kf5 21. Nf7 Rh7 22. Nfxd6+ cxd6 23. Nxd6+ Kg4 24. Ne4 Rf8 25. b3 Kxh5 26. Ba3 Kh4 27. Rad1 Ng6 28. Bxf8 Nxf8 29. f3 Ng6 30. Nf6 Rc7 31. c4 h5 32. Rd7 Rc6 33. Ng8 g4 34. fxg4 hxg4 35. Ne7 Nxe7 36. Rexe7 g3 37. hxg3+ Kxg3 38. Rg7+ Kf3 39. Rge7 Rg6+ 40. Kf1 Rh6 41. Rd3+ Kg4 42. Rg7+ Kf5 43. Kg2 Ke4 44. Rf3 Ra6 45. Re7+ Kf5 46. Rf7+ Kg5 47. Rf2 b5 48. cxb5 Rb6 49. a4 a6 50. R2xf4 axb5 51. a5 Rc6 52. R4f5+ Kg4 53. Rxb5 Rc2+ 54. Rf2 Rc3 55. a6 Rc8 56. b4 Ra8 57. Rb6 Kh5 58. b5 Rg8+ 59. Kh1 Rg3 60. Rh2+ Kg5 61. Rg2 1-0

[Event "Schachfestival Senioren"]
[Site "Bad Woerishofen"]
[Date "2023.03.05"]
[Round "3.57"]
[White "Huhn, Ulrich"]
[Black "Hertkorn, Dieter"]
[Result "0-1"]
[WhiteElo "1803"]
[BlackElo "1549"]
[PlyCount "90"]
[EventDate "2023.??.??"]
[WhiteTeam "SF Siemensstadt"]
[BlackTeam "SF Blaustein"]

1. d4 Nf6 2. Nc3 d5 3. Bg5 e6 4. e4 Bb4 5. e5 h6 6. exf6 hxg5 7. fxg7 Rg8 8. Qh5 Qf6 9. Nf3 Qxg7 10. Bd3 Nd7 11. Qh7 Nf6 12. Qxg7 Rxg7 13. Ne5 Bd7 14. Nxd7 Kxd7 15. O-O-O Bxc3 16. bxc3 Rag8 17. h3 Ne8 18. f3 Nd6 19. Kd2 c6 20. Rb1 Kc7 21. Rb3 b6 22. Rhb1 Rb8 23. a4 a5 24. Ra1 f6 25. Re1 Re8 26. Reb1 Rb8 27. Re1 Re7 28. Re2 e5 29. Rb1 Rbe8 30. Rbe1 Nc4+ 31. Bxc4 dxc4 32. dxe5 Rxe5 33. Rxe5 Rxe5 34. Rxe5 fxe5 35. g3 b5 36. f4 exf4 37. gxf4 gxf4 38. h4 Kd7 39. Ke2 Ke6 40. Kf3 Kf5 41. h5 Kg5 42. Ke4 bxa4 43. h6 Kxh6 44. Kd4 a3 45. Kxc4 a2 0-1

[Event "Schachfestival Senioren"]
[Site "Bad Woerishofen"]
[Date "2023.03.05"]
[Round "3.58"]
[White "Knischka, Walter"]
[Black "Schlemminger, Degenhard"]
[Result "1-0"]
[WhiteElo "1795"]
[BlackElo "1548"]
[PlyCount "57"]
[EventDate "2023.??.??"]
[WhiteTeam "SK Oberguenzburg"]
[BlackTeam "SV Reutlingen"]

1. d4 d5 2. Bf4 e6 3. Nf3 Bd6 4. Bg3 Nf6 5. e3 Ne4 6. Nbd2 Nd7 7. Bd3 c5 8. Nxe4 dxe4 9. Bxe4 Nf6 10. Bd3 Bxg3 11. hxg3 cxd4 12. exd4 Qa5+ 13. c3 Bd7 14. Ne5 Qd5 15. f3 g6 16. g4 Bc6 17. Qc2 Ke7 18. Qd2 Nd7 19. Be4 Qb5 20. a4 Qb6 21. a5 Qc7 22. Qf4 Nxe5 23. dxe5 Rhf8 24. Qf6+ Ke8 25. Bxc6+ bxc6 26. O-O Rd8 27. Rfd1 Qb7 28. Rd6 Rxd6 29. exd6 1-0

[Event "Schachfestival Senioren"]
[Site "Bad Woerishofen"]
[Date "2023.03.05"]
[Round "3.59"]
[White "Schumacher, Ursula"]
[Black "Eibl, Guenter"]
[Result "0-1"]
[WhiteElo "1514"]
[BlackElo "1693"]
[PlyCount "92"]
[EventDate "2023.??.??"]
[BlackTeam "Schachfreunde Muenchen"]

1. c4 Nf6 2. Nc3 e6 3. Nf3 d5 4. cxd5 exd5 5. d4 c6 6. g3 Bb4 7. Bg2 Ne4 8. Qb3 Qa5 9. Bd2 Nxd2 10. Nxd2 O-O 11. O-O Nd7 12. a3 Bd6 13. e4 dxe4 14. Ndxe4 Qc7 15. Nxd6 Qxd6 16. Rad1 Nf6 17. Rfe1 Bg4 18. f3 Be6 19. Qc2 Qc7 20. b4 Rad8 21. Ne2 Nd5 22. Qd2 Rfe8 23. h3 Re7 24. Nc3 Nxc3 25. Qxc3 Red7 26. f4 Qb6 27. Qc5 Qxc5 28. bxc5 Kf8 29. Kf2 Rxd4 30. Rxd4 Rxd4 31. Ke3 Rc4 32. Rb1 Rxc5 33. Rxb7 Rc3+ 34. Kf2 Rxa3 35. Bxc6 Bxh3 36. Bd5 Be6 37. Bf3 g6 38. g4 a5 39. g5 a4 40. Ra7 Bb3 41. Bc6 Ra1 42. Ra8+ Kg7 43. Ra7 a3 44. Be8 a2 45. Rb7 Rb1 46. Bxf7 Bxf7 0-1

[Event "Schachfestival Senioren"]
[Site "Bad Woerishofen"]
[Date "2023.03.05"]
[Round "3.60"]
[White "Gottwald, Helmut"]
[Black "Walther, Renate"]
[Result "1-0"]
[WhiteElo "1659"]
[BlackElo "1220"]
[PlyCount "77"]
[EventDate "2023.??.??"]
[WhiteTeam "Keiner"]
[BlackTeam "SK 1911 Herzogenaurach e.V."]

1. d4 d5 2. Nc3 Nf6 3. Nf3 e6 4. e3 c5 5. Ne5 Be7 6. Bb5+ Nbd7 7. O-O O-O 8. Nxd7 Bxd7 9. Qe2 c4 10. Bxd7 Qxd7 11. a3 b5 12. Bd2 Bd6 13. e4 e5 14. dxe5 Bxe5 15. exd5 a5 16. Qxe5 Rfe8 17. Qd4 Rab8 18. Rae1 Qf5 19. Rxe8+ Rxe8 20. Re1 Rxe1+ 21. Bxe1 Qxc2 22. Qd2 Qf5 23. Nxb5 a4 24. Qa5 Nd7 25. Qa8+ Nf8 26. Nc3 Qc2 27. Qxa4 Qxb2 28. Qxc4 Qa1 29. Qe2 Qxa3 30. Kf1 Qd6 31. Qe8 Qa6+ 32. Qb5 Qa1 33. d6 Qa8 34. Nd5 Qd8 35. Qb6 Qa8 36. Ne7+ Kh8 37. Qc6 Qxc6 38. Nxc6 g6 39. Bc3+ 1-0

[Event "Schachfestival Senioren"]
[Site "Bad Woerishofen"]
[Date "2023.03.05"]
[Round "3.61"]
[White "Luebbers, Doris"]
[Black "Dreisch, Juergen"]
[Result "0-1"]
[WhiteElo "1498"]
[BlackElo "1590"]
[PlyCount "52"]
[EventDate "2023.??.??"]
[WhiteTeam "SC Steinbach"]
[BlackTeam "SK Markt Schwaben"]

1. d4 e5 2. dxe5 Nc6 3. Nf3 d6 4. exd6 Bxd6 5. e3 Bg4 6. Be2 Qe7 7. b3 O-O-O 8. O-O Bxh2+ 9. Nxh2 Rxd1 10. Bxd1 Bxd1 11. Rxd1 Nf6 12. Bb2 Rd8 13. Nc3 Rxd1+ 14. Rxd1 Qe6 15. Ne2 g5 16. Nd4 Nxd4 17. Bxd4 h5 18. Nf3 Ne4 19. c4 c5 20. Bb2 f6 21. Rd5 b6 22. Kf1 h4 23. Kg1 h3 24. g3 Qg4 25. Nh2 Qe2 26. Rf5 Qxb2 0-1

[Event "Schachfestival Senioren"]
[Site "Bad Woerishofen"]
[Date "2023.03.06"]
[Round "4.1"]
[White "Rubke, Manfred"]
[Black "Koehler, Gerhard"]
[Result "1/2-1/2"]
[WhiteElo "2093"]
[BlackElo "2244"]
[PlyCount "93"]
[EventDate "2023.??.??"]
[WhiteTeam "SAbt TSV Haunstetten"]
[BlackTeam "USV Halle/ Saale"]

1. c4 Nf6 2. f4 c5 3. Nf3 g6 4. Nc3 Bg7 5. e4 O-O 6. Be2 Nc6 7. O-O d6 8. d3 Rb8 9. h3 a6 10. Be3 b5 11. cxb5 axb5 12. Qd2 b4 13. Nd1 Bd7 14. Nf2 Qa5 15. Bd1 Rfc8 16. Bb3 Qd8 17. g4 Na5 18. f5 c4 19. dxc4 Nxc4 20. Bxc4 Rxc4 21. e5 dxe5 22. Nxe5 Rcc8 23. g5 Bb5 24. Qxd8+ Rxd8 25. gxf6 Bxf6 26. Nfg4 Bxf1 27. Rxf1 Rbc8 28. fxg6 hxg6 29. Nxf6+ exf6 30. Rxf6 Rc2 31. Rf2 Rxf2 32. Kxf2 Ra8 33. Bd2 Rxa2 34. Nd3 b3 35. Bc3 Ra6 36. Nc5 Rb6 37. Ke3 Kh7 38. Kd3 g5 39. Kc4 Rh6 40. Ne4 Rh4 41. Kd5 Kg6 42. Nf2 f5 43. Be5 Ra4 44. Nd3 Re4 45. Bd4 Rh4 46. Nf2 Rf4 47. Nd3 1/2-1/2

[Event "Schachfestival Senioren"]
[Site "Bad Woerishofen"]
[Date "2023.03.06"]
[Round "4.2"]
[White "Geyer, Bernhard"]
[Black "Kroell, Johannes"]
[Result "1-0"]
[WhiteElo "2145"]
[BlackElo "2127"]
[PlyCount "123"]
[EventDate "2023.??.??"]
[WhiteTeam "SK Frankenthal"]
[BlackTeam "Reutte"]

1. e4 g6 2. d4 Bg7 3. c4 Nc6 4. d5 Nd4 5. Nc3 c5 6. Nf3 e5 7. Bd3 d6 8. h3 Ne7 9. O-O O-O 10. Ne1 f5 11. f4 Bd7 12. Nc2 a6 13. Qe1 Qc7 14. fxe5 dxe5 15. Bg5 Rae8 16. Qh4 Nc8 17. Rae1 Nd6 18. Bh6 Bxh6 19. Qxh6 f4 20. Qh4 Nxc2 21. Bxc2 Nxc4 22. Bb3 Nd6 23. g3 c4 24. Bc2 Qb6+ 25. Rf2 Qxb2 26. Nd1 Qd4 27. Kg2 Rf7 28. gxf4 exf4 29. Ree2 g5 30. Qh5 Nxe4 31. Bxe4 Rxe4 32. Kh2 Re5 33. Rd2 Qa1 34. Rg2 g4 35. Rxg4+ Bxg4 36. Qxg4+ Kf8 37. d6 Re8 38. Rg2 Qg7 39. Qh5 Qf6 40. d7 Rxd7 41. Rg8+ Kxg8 42. Qxe8+ Qf8 43. Qxd7 Qf7 44. Qd8+ Kg7 45. Qd6 Qf6 46. Qc7+ Qf7 47. Qc5 b5 48. Nf2 Qf6 49. a3 h6 50. Ng4 Qb2+ 51. Kg1 c3 52. Qe7+ Kg6 53. Qf6+ Kh7 54. Qf7+ Kh8 55. Nf6 Qc1+ 56. Kg2 Qd2+ 57. Kf3 Qe3+ 58. Kg4 Qg3+ 59. Kf5 Qxh3+ 60. Kg6 Qd3+ 61. Kxh6 Qh3+ 62. Nh5 1-0

[Event "Schachfestival Senioren"]
[Site "Bad Woerishofen"]
[Date "2023.03.06"]
[Round "4.3"]
[White "Remensberger, Paul"]
[Black "Kierzek, Matthias"]
[Result "1/2-1/2"]
[WhiteElo "1977"]
[BlackElo "2177"]
[PlyCount "48"]
[EventDate "2023.??.??"]
[WhiteTeam "Herrliberg"]
[BlackTeam "SC Fulda"]

1. d4 d5 2. Nf3 Nf6 3. c4 c6 4. e3 Bf5 5. Nc3 e6 6. Qb3 Qb6 7. c5 Qc7 8. Nh4 Be4 9. f3 Bg6 10. Bd2 Be7 11. Nxg6 hxg6 12. O-O-O b6 13. cxb6 axb6 14. Kb1 Nbd7 15. Rc1 O-O 16. e4 dxe4 17. fxe4 e5 18. Nd5 Nxd5 19. exd5 c5 20. dxe5 Nxe5 21. Bb5 Rad8 22. Bf4 Bd6 23. h4 Ng4 24. Bg5 Be7 1/2-1/2